[Event "?"]
[Site "Siemens IMT Linz (06)"]
[Date "1993.??.??"]
[Round "?"]
[White "Honfi, K."]
[Black "Kranzl, P."]
[Result "1-0"]
[WhiteElo "2350"]
[BlackElo "2310"]
[PlyCount "79"]

1. e4 c6 2. d4 d5 3. exd5 cxd5 4. Bd3 Nc6 5. c3 Nf6 6. h3 e5 7. dxe5 Nxe5 8.
Nf3 Nxd3+ 9. Qxd3 Be7 10. Be3 O-O 11. Nbd2 Re8 12. O-O h6 13. Rfe1 Bd7 14. Bd4
Be6 15. Rad1 a6 16. Ne5 Nd7 17. Nxd7 Bxd7 18. Nf1 Bf8 19. Ne3 Be6 20. Qe2 Qa5
21. a3 Red8 22. Qf3 Qc7 23. Nc2 Rac8 24. Rd2 Be7 25. Be5 Bd6 26. Rde2 Bxe5 27.
Rxe5 Qb6 28. b4 Qc7 29. R1e3 Rd6 30. Nd4 Qd7 31. Qe2 Rc7 32. f4 Qa4 33. f5 Bd7
34. Re7 Qxa3 35. Qf3 Qc1+ 36. Kh2 Rc8 37. Qg3 Rdc6 38. Rxd7 Rxc3 39. Ne6 g5 40.
Qe5 1-0

[Event "?"]
[Site "Siemens IMT Linz (06)"]
[Date "1993.??.??"]
[Round "?"]
[White "Holzmann, H."]
[Black "Portisch, F."]
[Result "0-1"]
[WhiteElo "2295"]
[BlackElo "2400"]
[PlyCount "72"]

1. e4 e6 2. Nc3 d5 3. d4 Bb4 4. e5 Ne7 5. Bd2 b6 6. Nce2 Bxd2+ 7. Qxd2 Ba6 8.
f4 c5 9. Nf3 Nbc6 10. c3 Rc8 11. g3 Qc7 12. dxc5 bxc5 13. b3 Qa5 14. Bh3 h6 15.
Kf2 O-O 16. Rhe1 d4 17. c4 Qxd2 18. Nxd2 Nb4 19. Ne4 Nd3+ 20. Kf1 Nxe1 21. Kxe1
Rfd8 22. Kd2 Rc7 23. Nc1 Bb7 24. Nd6 a6 25. Nd3 Ba8 26. Re1 g6 27. Nf2 Nc8 28.
Nxc8 Rdxc8 29. Ng4 Kg7 30. Nf6 Bc6 31. Bf1 h5 32. Bd3 a5 33. Rb1 Rb8 34. Kc2 a4
35. Kd2 Rcb7 36. Kc1 axb3 0-1

[Event "?"]
[Site "Siemens IMT Linz (06)"]
[Date "1993.??.??"]
[Round "?"]
[White "Rolletschek, H."]
[Black "Humer, W."]
[Result "1-0"]
[WhiteElo "2375"]
[BlackElo "2275"]
[PlyCount "39"]

1. e4 d6 2. g3 d5 3. exd5 Qxd5 4. Nf3 Bg4 5. Bg2 Nc6 6. O-O O-O-O 7. h3 Bh5 8.
Re1 Nf6 9. g4 Bg6 10. Ne5 Qc5 11. Nxc6 Bxc2 12. Qe2 bxc6 13. d4 Qa5 14. Nc3 Bg6
15. Qc4 e6 16. Bxc6 Nd5 17. Re5 Bd6 18. b4 Qxb4 19. Qa6+ Kb8 20. Nb5 1-0

[Event "?"]
[Site "Siemens IMT Linz (06)"]
[Date "1993.??.??"]
[Round "?"]
[White "Kiss, L."]
[Black "Baumgartner, H."]
[Result "1-0"]
[WhiteElo "2255"]
[BlackElo "2330"]
[PlyCount "47"]

1. e4 e5 2. Nf3 Nc6 3. d4 exd4 4. c3 d3 5. Bxd3 d6 6. h3 Nf6 7. O-O Be7 8. Be3
O-O 9. Nbd2 h6 10. Nd4 Nxd4 11. cxd4 Ne8 12. Qh5 Nf6 13. Qe2 b6 14. f4 Bb7 15.
Rae1 d5 16. e5 Ne4 17. f5 Bg5 18. Bxg5 hxg5 19. f6 gxf6 20. exf6 Nxf6 21. Qe5
Ne4 22. Nxe4 dxe4 23. Bc4 c5 24. Rd1 1-0

[Event "?"]
[Site "Siemens IMT Linz (06)"]
[Date "1993.??.??"]
[Round "?"]
[White "Casagrande, H."]
[Black "Lechtynsky, J."]
[Result "1/2-1/2"]
[WhiteElo "2365"]
[BlackElo "2380"]
[PlyCount "31"]

1. d4 Nf6 2. Nf3 d5 3. Bf4 c6 4. c3 Bf5 5. h3 h6 6. e3 e6 7. Bd3 Bxd3 8. Qxd3
Bd6 9. Bxd6 Qxd6 10. Nbd2 Nbd7 11. e4 dxe4 12. Nxe4 Nxe4 13. Qxe4 Nf6 14. Qe2
O-O 15. O-O Rfd8 16. Rad1 1/2-1/2

[Event "?"]
[Site "Siemens IMT Linz (07)"]
[Date "1993.??.??"]
[Round "?"]
[White "Lechtynsky, J."]
[Black "Rolletschek, H."]
[Result "1-0"]
[WhiteElo "2380"]
[BlackElo "2375"]
[PlyCount "145"]

1. Nf3 g6 2. d4 Bg7 3. c4 d6 4. Nc3 e5 5. dxe5 dxe5 6. Qxd8+ Kxd8 7. Bg5+ f6 8.
O-O-O+ Nd7 9. Bd2 Nh6 10. Rg1 c6 11. g4 Nf7 12. Ne4 Kc7 13. Bc3 a5 14. e3 Bf8
15. g5 f5 16. Nf6 Bg7 17. c5 Bxf6 18. gxf6 Nxc5 19. Bc4 Be6 20. Bxe6 Nxe6 21.
Nxe5 Nd6 22. Rxd6 Kxd6 23. Nf7+ Kc5 24. Nxh8 Rxh8 25. Bxa5 Rf8 26. Rd1 Rf7 27.
a4 Nc7 28. b4+ Kc4 29. Kb2 Ne6 30. Rd6 Rxf6 31. Bd8 Rf7 32. Rxe6 Kxb4 33. Rd6
Kxa4 34. Kc3 Kb5 35. Rd1 Kc5 36. Ba5 Kb5 37. Bd8 Kc5 38. h4 b6 39. Rd4 b5 40.
Ba5 Ra7 41. Bb4+ Kb6 42. Kb2 Ra4 43. Bd6 Ra7 44. Ba3 Ra8 45. Rd7 Ra4 46. Rd4
Ra8 47. Kb3 Ra7 48. Rd8 Ra4 49. Bb4 Ra1 50. Rb8+ Kc7 51. Rh8 Kb6 52. Bd6 c5 53.
Rxh7 c4+ 54. Kc3 Rc1+ 55. Kd2 Rf1 56. Bg3 b4 57. Rh8 Kb5 58. Ke2 Rh1 59. Bd6 c3
60. Rb8+ Ka6 61. Bxb4 c2 62. Bd2 c1=Q 63. Bxc1 Rxc1 64. Rf8 Kb7 65. Rf6 Rg1 66.
Kf3 Kc7 67. h5 gxh5 68. Rxf5 Rh1 69. Kg2 Rh4 70. Kg3 Rh1 71. Rf4 Kc6 72. Rd4
Kc5 73. Rh4 1-0

[Event "?"]
[Site "Siemens IMT Linz (07)"]
[Date "1993.??.??"]
[Round "?"]
[White "Kranzl, P."]
[Black "Kiss, L."]
[Result "1-0"]
[WhiteElo "2310"]
[BlackElo "2255"]
[PlyCount "39"]

1. e4 c6 2. d4 d5 3. exd5 cxd5 4. Bd3 Nc6 5. c3 Nf6 6. Bf4 g6 7. Nf3 Bg7 8. h3
O-O 9. O-O Bf5 10. Bxf5 gxf5 11. Ne5 e6 12. Nd2 Ne4 13. Nd3 Kh8 14. Qh5 b6 15.
Nf3 Qe7 16. Rfe1 Rg8 17. Rxe4 fxe4 18. Ng5 h6 19. Nxf7+ Kh7 20. Nxh6 1-0

[Event "?"]
[Site "Siemens IMT Linz (07)"]
[Date "1993.??.??"]
[Round "?"]
[White "Portisch, F."]
[Black "Casagrande, H."]
[Result "1/2-1/2"]
[WhiteElo "2400"]
[BlackElo "2365"]
[PlyCount "27"]

1. d4 Nf6 2. c4 e6 3. Nc3 d5 4. Nf3 Be7 5. Bg5 Nbd7 6. e3 O-O 7. Rc1 c6 8. Bd3
dxc4 9. Bxc4 Nd5 10. Bxe7 Qxe7 11. O-O Nxc3 12. Rxc3 e5 13. dxe5 Nxe5 14. Nxe5
1/2-1/2

[Event "?"]
[Site "Siemens IMT Linz (07)"]
[Date "1993.??.??"]
[Round "?"]
[White "Baumgartner, H."]
[Black "Holzmann, H."]
[Result "1-0"]
[WhiteElo "2330"]
[BlackElo "2295"]
[PlyCount "69"]

1. Nf3 Nf6 2. g3 b6 3. Bg2 Bb7 4. O-O e6 5. d3 d5 6. Nbd2 Nbd7 7. e4 dxe4 8.
Ng5 Qc8 9. Ngxe4 Be7 10. Qe2 O-O 11. b3 Nxe4 12. dxe4 Ba6 13. c4 Bb7 14. Bb2
Rd8 15. Rad1 Nc5 16. Ba1 Rd7 17. Nb1 Qe8 18. Qg4 Bf8 19. Rxd7 Qxd7 20. Rd1 Qe7
21. Nc3 Rd8 22. e5 Rxd1+ 23. Qxd1 Bxg2 24. Kxg2 a6 25. b4 Nd7 26. Ne4 Qe8 27.
Bc3 Qa8 28. Qf3 Kh8 29. Qf4 Qc6 30. f3 Qxc4 31. Qxf7 Qe2+ 32. Kh3 Qf1+ 33. Kh4
Qd1 34. Qxe6 Qxf3 35. Ng5 1-0

[Event "?"]
[Site "Siemens IMT Linz (07)"]
[Date "1993.??.??"]
[Round "?"]
[White "Humer, W."]
[Black "Honfi, K."]
[Result "0-1"]
[WhiteElo "2275"]
[BlackElo "2350"]
[PlyCount "86"]

1. Nf3 Nf6 2. c4 c5 3. Nc3 Nc6 4. d4 cxd4 5. Nxd4 d6 6. g3 g6 7. Bg2 Bd7 8. O-O
Bg7 9. b3 O-O 10. Bb2 Qa5 11. Rc1 Rfc8 12. e4 Nxd4 13. Qxd4 Bc6 14. Qd3 Nd7 15.
Rfd1 a6 16. Rc2 b5 17. Nd5 Bxd5 18. Bxg7 bxc4 19. bxc4 Bxc4 20. Qd4 Bxa2 21.
Bh6 f6 22. Rxc8+ Rxc8 23. Ra1 Rc2 24. Qa7 Qb6 25. Qa8+ Qb8 26. Qxa6 Nc5 27. Qc6
Kf7 28. e5 fxe5 29. Bd5+ Bxd5 30. Qxd5+ Kf6 31. Ra8 Qb1+ 32. Kg2 Nd7 33. Qf3+
Ke6 34. Qg4+ Kd5 35. Qf3+ Ke6 36. Rd8 Nf6 37. g4 Qb6 38. g5 Qxd8 39. gxf6 exf6
40. Qb3+ d5 41. Qxc2 Qd7 42. Bc1 Kf7 43. Ba3 Qg4+ 0-1

[Event "?"]
[Site "Siemens IMT Linz (08)"]
[Date "1993.??.??"]
[Round "?"]
[White "Honfi, K."]
[Black "Lechtynsky, J."]
[Result "1/2-1/2"]
[WhiteElo "2350"]
[BlackElo "2380"]
[PlyCount "31"]

1. c4 c5 2. Nc3 Nc6 3. g3 g6 4. Bg2 Bg7 5. Nf3 e6 6. O-O Nge7 7. e3 O-O 8. d4
cxd4 9. Nxd4 Nxd4 10. exd4 d5 11. cxd5 Nxd5 12. Nxd5 exd5 13. Be3 Be6 14. Qb3
Qd7 15. Rfc1 Rfc8 16. a4 1/2-1/2

[Event "?"]
[Site "Siemens IMT Linz (08)"]
[Date "1993.??.??"]
[Round "?"]
[White "Holzmann, H."]
[Black "Casagrande, H."]
[Result "1/2-1/2"]
[WhiteElo "2295"]
[BlackElo "2365"]
[PlyCount "100"]

1. e4 d5 2. exd5 Qxd5 3. Nc3 Qa5 4. d4 e5 5. Nf3 Bg4 6. dxe5 Bb4 7. Bd2 Nc6 8.
a3 Nd4 9. Bb5+ c6 10. O-O Bxf3 11. gxf3 Be7 12. Bd3 Qxe5 13. Ne4 Nf6 14. Re1
Qh5 15. Kg2 Ne6 16. f4 Qxd1 17. Raxd1 O-O-O 18. Ng5 Nd5 19. Nxf7 Ndxf4+ 20.
Bxf4 Nxf4+ 21. Kg1 Bf6 22. Nxd8 Bxd8 23. Bf5+ Kb8 24. Bd7 Bb6 25. Re8+ Rxe8 26.
Bxe8 Nh3+ 27. Kf1 Nxf2 28. Rd7 Ng4 29. Rxg7 Nf6 30. Bd7 Be3 31. Rf7 Bg5 32. Bf5
h6 33. Ke2 Nd5 34. c4 Ne7 35. b3 Kc7 36. Kd3 Kd6 37. Bg4 a5 38. Bd1 Kc5 39. a4
b6 40. Bh5 Kb4 41. Kc2 Kc5 42. Rf8 Kb4 43. Be8 Kc5 44. Kc3 Bh4 45. Rf4 Bg5 46.
Rf1 Bh4 47. Bd7 Kd6 48. Rd1+ Kc5 49. Rf1 Kd6 50. Be8 Kc5 1/2-1/2

[Event "?"]
[Site "Siemens IMT Linz (08)"]
[Date "1993.??.??"]
[Round "?"]
[White "Kiss, L."]
[Black "Humer, W."]
[Result "1-0"]
[WhiteElo "2255"]
[BlackElo "2275"]
[PlyCount "87"]

1. e4 d6 2. d4 Nf6 3. Bd3 e5 4. c3 d5 5. dxe5 Nxe4 6. Bxe4 dxe4 7. Qxd8+ Kxd8
8. Bf4 Nd7 9. Ne2 Nc5 10. O-O Bg4 11. Ng3 Be7 12. Nd2 Nd3 13. Be3 Kc8 14. Ndxe4
Nxe5 15. Bd4 f6 16. f4 Nd3 17. f5 h5 18. h3 h4 19. hxg4 hxg3 20. g5 c5 21. gxf6
gxf6 22. Rf3 Nxb2 23. Bxf6 Bxf6 24. Nxf6 Kc7 25. Rxg3 Kd6 26. Re1 c4 27. Rg7 b6
28. Re6+ Kc5 29. Re5+ Kc6 30. Nd5 Kd6 31. Rge7 Nd3 32. R7e6+ Kc5 33. Nxb6+ Nxe5
34. Nxa8 Nf3+ 35. gxf3 Rxa8 36. Kf2 Rd8 37. f6 Kd5 38. Re7 a5 39. Ke3 Kd6 40.
Ra7 Ke6 41. f7 Kf6 42. Ke4 Kg7 43. Rc7 Rd2 44. a4 1-0

[Event "?"]
[Site "Siemens IMT Linz (08)"]
[Date "1993.??.??"]
[Round "?"]
[White "Rolletschek, H."]
[Black "Portisch, F."]
[Result "1/2-1/2"]
[WhiteElo "2375"]
[BlackElo "2400"]
[PlyCount "30"]

1. e4 e6 2. d3 d5 3. Nd2 Nc6 4. Ngf3 Nf6 5. g3 e5 6. Bg2 dxe4 7. dxe4 Bc5 8.
O-O O-O 9. Qe2 a5 10. Nc4 Qe7 11. c3 b6 12. Be3 Ba6 13. Nfd2 a4 14. Rfe1 Na5
15. Bf1 Rfd8 1/2-1/2

[Event "?"]
[Site "Siemens IMT Linz (08)"]
[Date "1993.??.??"]
[Round "?"]
[White "Baumgartner, H."]
[Black "Kranzl, P."]
[Result "1-0"]
[WhiteElo "2330"]
[BlackElo "2310"]
[PlyCount "59"]

1. Nf3 Nf6 2. g3 g6 3. Bg2 Bg7 4. O-O O-O 5. c4 d6 6. d4 Nbd7 7. Nc3 e5 8. e4
c6 9. h3 exd4 10. Nxd4 Re8 11. Be3 Nc5 12. Qc2 Qe7 13. Rfe1 a5 14. Nb3 Nfd7 15.
Rad1 Nxb3 16. axb3 Nc5 17. Na4 Nxa4 18. bxa4 Qc7 19. Bd4 Be5 20. Kh2 Be6 21. b3
Ra6 22. f4 Bxd4 23. Rxd4 c5 24. Rd3 Rb6 25. Qd2 Ra8 26. f5 Bc8 27. f6 Qd8 28.
e5 Be6 29. Rd1 Qf8 30. Rxd6 1-0

[Event "?"]
[Site "Siemens IMT Linz (09)"]
[Date "1993.??.??"]
[Round "?"]
[White "Casagrande, H."]
[Black "Rolletschek, H."]
[Result "1/2-1/2"]
[WhiteElo "2365"]
[BlackElo "2375"]
[PlyCount "154"]

1. d4 Nf6 2. Nf3 g6 3. Bg5 Bg7 4. Nbd2 d6 5. e4 O-O 6. c3 Re8 7. Bc4 e5 8. Qb3
Qe7 9. dxe5 dxe5 10. Nxe5 Qxe5 11. Bxf7+ Kh8 12. f4 Qe7 13. Bxe8 Qxe8 14. O-O-O
b6 15. f5 Nbd7 16. Rhe1 Bb7 17. Qc2 Ne5 18. Nf3 Nxf3 19. gxf3 gxf5 20. e5 Ng8
21. Qxf5 Qh5 22. Qg4 Bxf3 23. Qxh5 Bxh5 24. Rd7 Rc8 25. e6 Be8 26. Red1 Bf6 27.
Bxf6+ Nxf6 28. Rd8 Rxd8 29. Rxd8 Kg7 30. Rc8 c6 31. Rc7+ Kg6 32. Rxa7 Kf5 33.
a4 Kxe6 34. Rb7 Nd7 35. b4 Bg6 36. Kb2 Kd6 37. c4 c5 38. bxc5+ Kc6 39. Ra7 Nxc5
40. Kc3 Ne4+ 41. Kb4 Nf2 42. a5 Nd3+ 43. Kc3 bxa5 44. Ra6+ Kc5 45. Rxa5+ Kb6
46. Ra2 Nc5 47. Kd4 Kc6 48. Ra8 Ne6+ 49. Ke5 Ng5 50. Rf8 Bd3 51. h4 Ne4 52. Kd4
Bc2 53. c5 Ng3 54. Rf6+ Kd7 55. Kd5 Be4+ 56. Ke5 Bg6 57. Rf3 Nh5 58. Kd5 Kc7
59. Ra3 Nf4+ 60. Kd4 Ne6+ 61. Kc4 Nd8 62. Ra7+ Kc6 63. Ra6+ Kb7 64. Rf6 Kc7 65.
Kd5 Bf7+ 66. Ke5 Bg6 67. Ra6 Nc6+ 68. Kf6 Nb4 69. Rd6 Bc2 70. Rd4 Na6 71. h5
Nb8 72. h6 Bb1 73. Kg7 Nd7 74. Rd1 Be4 75. Re1 Nxc5 76. Rxe4 Nxe4 77. Kxh7 Ng5+
1/2-1/2

[Event "?"]
[Site "Siemens IMT Linz (09)"]
[Date "1993.??.??"]
[Round "?"]
[White "Humer, W."]
[Black "Baumgartner, H."]
[Result "1-0"]
[WhiteElo "2275"]
[BlackElo "2330"]
[PlyCount "79"]

1. e4 e5 2. Nf3 Nc6 3. Bc4 g6 4. d4 exd4 5. c3 d3 6. Bg5 Be7 7. Bf4 Nf6 8. e5
Nh5 9. Bh6 d5 10. Bb5 Bf8 11. Qd2 Bxh6 12. Qxh6 Qe7 13. O-O a6 14. Bxc6+ bxc6
15. Nbd2 Qf8 16. Qe3 Qe7 17. b4 O-O 18. Nd4 Bd7 19. N2b3 Ng7 20. Rfe1 Ne6 21.
Qxd3 c5 22. Nxe6 c4 23. Qxd5 Bxe6 24. Qc5 Qxc5 25. Nxc5 Bd5 26. Rad1 Rfd8 27.
Rd4 c6 28. a4 Kg7 29. a5 f5 30. f4 Kf7 31. Red1 g5 32. fxg5 Rg8 33. h4 h6 34.
Rf1 Kg6 35. g4 hxg5 36. h5+ Kh6 37. Rxf5 Rgf8 38. Nd7 Rfd8 39. Rf6+ Kh7 40. Rd6
1-0

[Event "?"]
[Site "Siemens IMT Linz (09)"]
[Date "1993.??.??"]
[Round "?"]
[White "Kranzl, P."]
[Black "Holzmann, H."]
[Result "1/2-1/2"]
[WhiteElo "2310"]
[BlackElo "2295"]
[PlyCount "152"]

1. e4 c5 2. c3 d5 3. exd5 Qxd5 4. d4 Nf6 5. Nf3 Bg4 6. Be2 e6 7. O-O Nc6 8. h3
Bh5 9. c4 Qd6 10. dxc5 Qxd1 11. Rxd1 Bxc5 12. Nc3 O-O 13. Bg5 Rfd8 14. a3 a5
15. Kf1 Kf8 16. Nb5 Rxd1+ 17. Rxd1 Rd8 18. Rxd8+ Nxd8 19. g4 Bg6 20. Ne5 Ke7
21. Nxg6+ hxg6 22. Bf3 Kd7 23. h4 Nc6 24. h5 gxh5 25. gxh5 Ne8 26. Bd2 Be7 27.
Ke1 Bf6 28. b3 b6 29. Be3 Bd8 30. Kd2 Nd6 31. Nxd6 Kxd6 32. Bd1 Kc7 33. Bf4+
Kd7 34. Bf3 Nd4 35. Bd1 Nc6 36. Kd3 Be7 37. Bc1 Bf6 38. f4 Be7 39. Bb2 Bf8 40.
Bf3 Kc7 41. Be4 Ne7 42. Be5+ Kd7 43. Bd4 Kc7 44. c5 Nc8 45. Be5+ Kd7 46. cxb6
Nxb6 47. Bc3 a4 48. b4 Nd5 49. Bd2 Bd6 50. f5 Nf4+ 51. Kc4 Nxh5 52. fxe6+ fxe6
53. Bc2 Nf4 54. Bxa4+ Kc7 55. Bd1 Nd5 56. Bg4 Bf4 57. Bxf4+ Nxf4 58. a4 e5 59.
Bf3 Kb6 60. a5+ Ka6 61. Bc6 g5 62. Bf3 e4 63. Bxe4 g4 64. Kc5 g3 65. Kc6 Ne6
66. Bd3+ Ka7 67. Bf1 Nf4 68. b5 g2 69. Bxg2 Nxg2 70. b6+ Kb8 71. a6 Nf4 72. Kd6
Nd3 73. a7+ Kb7 74. a8=Q+ Kxa8 75. Kc7 Nc5 76. b7+ Nxb7 1/2-1/2